R6 Maps Quiz - Statistics

General Stats
  • This quiz has been taken 692 times
  • The average score is 13 of 20
Answer Stats
Name % Correct
Oregon
89%
Presidential Plane
81%
Clubhouse
77%
House
77%
Chalet
75%
Bank
73%
Border
73%
Coastline
73%
Kafe Dostoyevsky
71%
Skyscraper
70%
Villa
65%
Tower
64%
Consulate
63%
Outback
62%
Theme Park
62%
Kanal
59%
Favela
58%
Yacht
56%
Fortress
50%
Hereford Base
43%
No matching quizzes found
Score Distribution
Percent of People with Each Score
Percentile by Number Answered
Your Score History
You have not taken this quiz